UBT Library

Critical thinking, reading and writing : (Record no. 42350)

000 -LEADER
fixed length control field 00800cam a2200253 i 4500
001 - CONTROL NUMBER
control field 19883817
005 - DATE AND TIME OF LATEST TRANSACTION
control field 20180213035628.0
008 - FIXED-LENGTH DATA ELEMENTS--GENERAL INFORMATION
fixed length control field 170810t20172017maua 001 0 eng d
010 ## - LIBRARY OF CONGRESS CONTROL NUMBER
LC control number 2016591326
020 ## - INTERNATIONAL STANDARD BOOK NUMBER
International Standard Book Number 9781319035457 (paperback)
020 ## - INTERNATIONAL STANDARD BOOK NUMBER
International Standard Book Number 1319035450 (paperback)
035 ## - SYSTEM CONTROL NUMBER
System control number (OCoLC)ocn964909926
040 ## - CATALOGING SOURCE
Original cataloging agency YDX
Language of cataloging eng
Transcribing agency YDX
Description conventions rda
Modifying agency CSA
-- NHA
-- OCLCF
-- DLC
041 ## - LANGUAGE CODE
Language code of text/sound track or separate title eng
042 ## - AUTHENTICATION CODE
Authentication code lccopycat
080 ## - UNIVERSAL DECIMAL CLASSIFICATION NUMBER
Universal Decimal Classification number 808..042 bar
082 04 - DEWEY DECIMAL CLASSIFICATION NUMBER
Classification number 808..042 bar
Edition number 23
100 ## - Rafti
Rafti 24
101 ## - Shkurtesa
Shkurtesa gju
245 10 - TITLE STATEMENT
Title Critical thinking, reading and writing :
Statement of responsibility, etc [edited by] Sylvan Barnet, Hugo Bedau, John O'Hara.
906 ## - LOCAL DATA ELEMENT F, LDF (RLIN)
a 7
b cbc
c copycat
d 2
e ncip
f 20
g y-gencatlg
942 ## - ADDED ENTRY ELEMENTS (KOHA)
Source of classification or shelving scheme
Item type Books
Holdings
Withdrawn status Lost status Source of classification or shelving scheme Damaged status Not for loan Collection code Permanent location Current location Shelving location Date acquired Total Checkouts Full call number Barcode Date last seen Price effective from Koha item type
          Koleksioni i përgjithshem UBT - Lipjan UBT - Lipjan Koleksioni i përgjithshem 02/13/2018   808..042 bar 002-2999135 02/13/2018 02/13/2018 Books
UBT Library © 2015-2024. All rights reserved University Education for Business and Technology